| 000 | 00782nam a2200229 a 4500 | ||
|---|---|---|---|
| 005 | 20210223125701.0 | ||
| 008 | 050828s1984 mx r 000 0 spa d | ||
| 020 | _a9686200991 | ||
| 035 | _aUPN01000139888 | ||
| 049 | _aCG | ||
| 050 | 4 |
_aPR6013 R4.4 _bP6.2 |
|
| 100 | 1 |
_aGreene, Graham, _d1904-1991 _928382 |
|
| 245 | 1 | 3 |
_aEl poder y la gloria / _cGraham Greene ; tr. Guillermo Villalonga. |
| 260 |
_aMéxico : _bOrigen : _bSeix Barral, _c1984. |
||
| 440 | 0 | _aObras maestras del siglo XX ; 2 | |
| 534 |
_pTítulo original:The power and the glory _tThe power and the glory |
||
| 650 | 4 |
_aLITERATURA INGLESA - _ySIGLO XX _915121 |
|
| 650 | 4 |
_aANTICLERICALISMO - _vNOVELA _97096 |
|
| 650 | 4 |
_aCATOLICOS - _vNOVELA _98671 |
|
| 650 | 4 |
_aCLERO EN LA LITERATURA _910885 |
|
| 905 | _aLibro | ||
| 999 |
_c112036 _d112036 |
||